Statistiques concernant Devinez l'État Américain Mystère #28

Cliquez ici pour prendre le quiz!

Statistiques générales

  • Ce quiz a été pris 177 fois
  • Le résultat moyen est 28 sur 38

Statistiques - réponses

Type de RéponseRéponse% Correct
Lettre de l'AlphabetS
100%
Lettre de l'AlphabetA
99%
Lettre TrouvéeI
99%
Lettre TrouvéeE
98%
Lettre TrouvéeN
98%
Lettre TrouvéeO
98%
Lettre de l'AlphabetR
98%
Lettre de l'AlphabetL
97%
Lettre de l'AlphabetM
94%
Lettre de l'AlphabetD
92%
Lettre de l'AlphabetH
92%
Lettre TrouvéeT
92%
Lettre de l'AlphabetW
92%
Lettre de l'AlphabetG
90%
Lettre TrouvéeC
89%
Lettre de l'AlphabetK
86%
Lettre de l'AlphabetF
85%
Lettre TrouvéeU
82%
Lettre de l'AlphabetY
81%
Lettre de l'AlphabetP
78%
Lettre de l'AlphabetV
77%
Lettre de l'AlphabetB
74%
Lettre de l'AlphabetX
71%
Lettre Bien PlacéeI
68%
Lettre de l'AlphabetJ
55%
Lettre de l'AlphabetQ
55%
Lettre de l'AlphabetZ
55%
Lettre Bien PlacéeC
48%
Lettre Bien PlacéeC
48%
Lettre Bien PlacéeC
48%
État MystèreConnecticut
48%
Lettre Bien PlacéeE
48%
Lettre Bien PlacéeN
48%
Lettre Bien PlacéeN
48%
Lettre Bien PlacéeO
48%
Lettre Bien PlacéeT
48%
Lettre Bien PlacéeT
48%
Lettre Bien PlacéeU
48%

Distribution des résultats

Percentile par nombre de réponses

% des personnes avec chaque résultat

Votre développement - résultats

Vous n’avez pas pris ce quiz